|
|
|
|
| LEADER |
01403nam a2200397Ia 4500 |
| 001 |
EBC997194 |
| 003 |
MiAaPQ |
| 005 |
20200520144314.0 |
| 006 |
m o d | |
| 007 |
cr cn||||||||| |
| 008 |
960424s1996 caua sb 000 0 eng d |
| 010 |
|
|
|z 96010122
|
| 020 |
|
|
|z 0761901396 (acid-free paper)
|
| 020 |
|
|
|z 076190140X (pbk. : acid-free paper)
|
| 020 |
|
|
|z 9780761901402
|
| 020 |
|
|
|z 9781452248738
|
| 035 |
|
|
|a (MiAaPQ)EBC997194
|
| 035 |
|
|
|a (Au-PeEL)EBL997194
|
| 035 |
|
|
|a (CaPaEBR)ebr10593939
|
| 035 |
|
|
|a (CaONFJC)MIL673361
|
| 035 |
|
|
|a (OCoLC)821725104
|
| 040 |
|
|
|a MiAaPQ
|c MiAaPQ
|d MiAaPQ
|
| 050 |
|
4 |
|a HF5415.123
|b .N48 1996
|
| 082 |
0 |
4 |
|a 658.8/02
|2 20
|
| 245 |
0 |
0 |
|a Networks in marketing
|h [electronic resource] /
|c Dawn Iacobucci, editor.
|
| 260 |
|
|
|a Thousand Oaks, CA :
|b Sage Publications,
|c c1996.
|
| 300 |
|
|
|a xx, 442 p. :
|b ill.
|
| 504 |
|
|
|a Includes bibliographical references (p. 410-436).
|
| 533 |
|
|
|a Electronic reproduction. Ann Arbor, MI : ProQuest, 2015. Available via World Wide Web. Access may be limited to ProQuest affiliated libraries.
|
| 650 |
|
0 |
|a Communication in marketing.
|
| 650 |
|
0 |
|a Business networks.
|
| 650 |
|
0 |
|a Public relations.
|
| 655 |
|
4 |
|a Electronic books.
|
| 700 |
1 |
|
|a Iacobucci, Dawn.
|
| 710 |
2 |
|
|a ProQuest (Firm)
|
| 856 |
4 |
0 |
|u https://ebookcentral.proquest.com/lib/matrademy/detail.action?docID=997194
|z Click to View
|